| 000 | 00319 a2200133 4500 | ||
|---|---|---|---|
| 001 | 86570 | ||
| 082 | _a398.2 LOK | ||
| 090 |
_c40747 _d40747 |
||
| 100 | _aLok Virsa | ||
| 245 |
_aPanorama Pakistan V-IV (Only VCD) _hEnglish |
||
| 250 | _aV-IV | ||
| 260 |
_aIslamabad _bLok Virsa Islamabad _c2012 |
||
| 500 | _aLok Virsa | ||
| 942 |
_aCAENUST _k398.2 LOK |
||
| 999 |
_c321643 _d321643 |
||